[Event "Barcelona Tancat Sant Marti 1st"]
[Site "Barcelona"]
[Date "2009.10.31"]
[Round "5"]
[White "Martinez Martinez, Pere"]
[Black "Salvo Garcia, Roger"]
[Result "1/2-1/2"]
[WhiteElo "2219"]
[BlackElo "2119"]
[PlyCount "41"]
[EventDate "2009.10.03"]
[EventType "tourn"]
[EventRounds "9"]
[EventCountry "ESP"]
[SourceTitle "EXT 2024"]
[Source "ChessBase"]
[SourceDate "2023.10.10"]
[SourceVersion "1"]
[SourceVersionDate "2023.10.10"]
[SourceQuality "1"]

1. Nf3 Nf6 2. c4 e6 3. d4 d5 4. Nc3 Be7 5. Bg5 h6 6. Bxf6 Bxf6 7. e3 0-0 8. Rc1 c6 9. Bd3 a6 10. 0-0 b5 11. cxd5 cxd5 12. e4 dxe4 13. Bxe4 Ra7 14. Rc2 Bb7 15. Rd2 Bxe4 16. Nxe4 Rd7 17. Nxf6+ Qxf6 18. Ne5 Rd6 19. Qe2 Rfd8 20. Qe4 Qe7 21. Rfd1 1/2-1/2

[Event "Barcelona Tancat Sant Marti 1st"]
[Site "Barcelona"]
[Date "2009.10.17"]
[Round "3"]
[White "Martinez Martinez, Pere"]
[Black "Castillo, Sergio"]
[Result "1-0"]
[WhiteElo "2219"]
[BlackElo "2123"]
[PlyCount "65"]
[EventDate "2009.10.03"]
[EventType "tourn"]
[EventRounds "9"]
[EventCountry "ESP"]
[SourceTitle "EXT 2024"]
[Source "ChessBase"]
[SourceDate "2023.10.10"]
[SourceVersion "1"]
[SourceVersionDate "2023.10.10"]
[SourceQuality "1"]

1. Nf3 Nf6 2. c4 c6 3. d4 d5 4. e3 e6 5. Nc3 Nbd7 6. Qc2 Be7 7. Bd3 dxc4 8. Bxc4 c5 9. 0-0 cxd4 10. Nxd4 0-0 11. Rd1 a6 12. e4 Qc7 13. Qe2 b5 14. Bb3 Bb7 15. f3 Rfd8 16. Be3 Nc5 17. Bc2 g6 18. Rac1 e5 19. Nb3 Ne6 20. Qf2 Rxd1+ 21. Bxd1 Qd7 22. Na5 Rc8 23. Nxb7 Qxb7 24. Bb3 Nc5 25. Nd5 Nxd5 26. Bxd5 Qc7 27. b4 Nd3 28. Rxc7 Rxc7 29. Qd2 Nxb4 30. Bb3 Kf8 31. a3 Nc6 32. Qd5 Bxa3 33. Bb6 1-0

[Event "Barcelona Tancat Sant Marti 1st"]
[Site "Barcelona"]
[Date "2009.10.03"]
[Round "1"]
[White "Martinez Martinez, Pere"]
[Black "Gonzalez Valenzuela, Didac"]
[Result "1-0"]
[WhiteElo "2219"]
[BlackElo "2143"]
[PlyCount "67"]
[EventDate "2009.10.03"]
[EventType "tourn"]
[EventRounds "9"]
[EventCountry "ESP"]
[SourceTitle "EXT 2024"]
[Source "ChessBase"]
[SourceDate "2023.10.10"]
[SourceVersion "1"]
[SourceVersionDate "2023.10.10"]
[SourceQuality "1"]

1. Nf3 Nf6 2. c4 g6 3. Nc3 d5 4. d4 Bg7 5. Bg5 Ne4 6. cxd5 Nxg5 7. Nxg5 c6 8. dxc6 Nxc6 9. d5 Qa5 10. Qd2 0-0 11. e4 Nd4 12. Rc1 Bg4 13. h3 Bd7 14. Be2 Nxe2 15. Kxe2 Rac8 16. Rhd1 Qa6+ 17. Ke1 Bh6 18. f4 f6 19. Nf3 Qb6 20. Rc2 Rcd8 21. Ne2 e5 22. Rc3 f5 23. Nxe5 fxe4 24. d6 Be6 25. b3 Rf5 26. Qd4 Qa6 27. Rc7 Qxa2 28. Ng4 Bf8 29. Nf6+ Rxf6 30. Qxf6 Qa5+ 31. Nc3 Rxd6 32. Rxd6 Qxc7 33. Qxe6+ Kh8 34. Qf6+ 1-0

[Event "Catalunya-chA"]
[Site "Spain"]
[Date "1996.11.03"]
[Round "5"]
[White "Basora Pascual, Lluc"]
[Black "Martinez Martinez, Pere"]
[Result "1/2-1/2"]
[WhiteElo "2155"]
[BlackElo "2180"]
[PlyCount "47"]
[EventDate "1997.??.??"]
[EventType "swiss"]
[EventRounds "8"]
[EventCountry "ESP"]
[SourceTitle "EXT 2003"]
[Source "ChessBase"]
[SourceDate "2002.11.25"]
[SourceVersion "1"]
[SourceVersionDate "2002.11.25"]
[SourceQuality "1"]

1. e4 c5 2. Nf3 g6 3. d4 cxd4 4. Nxd4 Nc6 5. Nc3 Bg7 6. Be3 Nf6 7. Nxc6 bxc6 8. e5 Ng8 9. f4 Nh6 10. Bc4 0-0 11. 0-0 d6 12. exd6 exd6 13. Be2 Re8 14. Bf2 Nf5 15. Qd2 h5 16. Rae1 Rb8 17. Nd1 Be6 18. a3 Qc7 19. c3 Red8 20. Ne3 c5 21. Nxf5 Bxf5 22. b4 cxb4 23. cxb4 d5 24. Rc1 1/2-1/2

[Event "Catalunya-chA"]
[Site "Spain"]
[Date "1996.10.27"]
[Round "4"]
[White "Martinez Martinez, Pere"]
[Black "Coquard Devesa, Enric"]
[Result "1/2-1/2"]
[WhiteElo "2180"]
[BlackElo "2200"]
[PlyCount "55"]
[EventDate "1997.??.??"]
[EventType "swiss"]
[EventRounds "8"]
[EventCountry "ESP"]
[SourceTitle "EXT 2003"]
[Source "ChessBase"]
[SourceDate "2002.11.25"]
[SourceVersion "1"]
[SourceVersionDate "2002.11.25"]
[SourceQuality "1"]

1. Nf3 Nf6 2. c4 g6 3. Nc3 Bg7 4. e4 c5 5. d4 cxd4 6. Nxd4 Nc6 7. Be3 Ng4 8. Qxg4 Nxd4 9. Qd1 Nc6 10. Qd2 0-0 11. Be2 Qa5 12. Rc1 d6 13. b3 Bd7 14. 0-0 Kh8 15. f4 f5 16. Bf3 Rad8 17. Rfd1 e5 18. Ne2 Qxd2 19. Rxd2 fxe4 20. Bxe4 Rde8 21. fxe5 Rxe5 22. Bxc6 Bxc6 23. Bd4 Bh6 24. Rcd1 Kg8 25. Rc2 Re6 26. Nc3 a6 27. Nd5 b5 28. Rf1 1/2-1/2

[Event "Catalunya-chA"]
[Site "Spain"]
[Date "1996.10.20"]
[Round "3"]
[White "Martinez Martinez, Pere"]
[Black "Garriga Lopez, Jordi"]
[Result "1-0"]
[WhiteElo "2180"]
[BlackElo "2140"]
[PlyCount "87"]
[EventDate "1997.??.??"]
[EventType "swiss"]
[EventRounds "8"]
[EventCountry "ESP"]
[SourceTitle "EXT 2003"]
[Source "ChessBase"]
[SourceDate "2002.11.25"]
[SourceVersion "1"]
[SourceVersionDate "2002.11.25"]
[SourceQuality "1"]

1. Nf3 Nf6 2. c4 c5 3. Nc3 d5 4. cxd5 Nxd5 5. d4 e6 6. e3 Be7 7. Bd3 0-0 8. 0-0 b6 9. Nxd5 exd5 10. Qc2 h6 11. e4 Ba6 12. dxc5 Bxc5 13. exd5 Re8 14. Rd1 Qf6 15. Qa4 b5 16. Bxb5 Bxb5 17. Qxb5 Na6 18. Bf4 Qxf4 19. Qxa6 Rad8 20. Qb5 Bd6 21. Re1 Rxe1+ 22. Rxe1 g5 23. h3 h5 24. Re8+ Rxe8 25. Qxe8+ Kg7 26. Qe3 Kf6 27. Qxf4+ Bxf4 28. Kf1 Ke7 29. Nd4 Bc1 30. b3 Bb2 31. Nf5+ Kf6 32. Ne3 Bd4 33. Nc4 Kf5 34. Ke2 Ke4 35. Nd6+ Kxd5 36. Nxf7 Bf6 37. Nh6 Kc5 38. Kd3 Kb4 39. Kc2 Ka3 40. Kb1 a5 41. g3 Bd4 42. f3 Bf2 43. Nf5 Be1 44. Nd4 1-0

[Event "Catalunya-chA"]
[Site "Spain"]
[Date "1996.10.06"]
[Round "1"]
[White "Martinez Martinez, Pere"]
[Black "Rodriguez Rodriguez, Albert"]
[Result "1/2-1/2"]
[WhiteElo "2180"]
[BlackElo "2100"]
[PlyCount "57"]
[EventDate "1997.??.??"]
[EventType "swiss"]
[EventRounds "8"]
[EventCountry "ESP"]
[SourceTitle "EXT 2003"]
[Source "ChessBase"]
[SourceDate "2002.11.25"]
[SourceVersion "1"]
[SourceVersionDate "2002.11.25"]
[SourceQuality "1"]

1. Nf3 g6 2. c4 Bg7 3. Nc3 c5 4. g3 Nc6 5. Bg2 e5 6. d3 Nge7 7. 0-0 0-0 8. Ne1 d6 9. Nc2 Be6 10. Ne3 Qd7 11. Ned5 Kh8 12. Bg5 f6 13. Bd2 Bh3 14. a3 Bxg2 15. Kxg2 Nxd5 16. Nxd5 Nd4 17. f3 f5 18. e4 Rf7 19. Bc3 Ne6 20. Qd2 Raf8 21. Rae1 h5 22. exf5 Rxf5 23. Qe2 Nc7 24. Nxc7 Qxc7 25. Qe4 Qf7 26. h3 Kg8 27. b4 b6 28. Bd2 Qe6 29. Rh1 1/2-1/2